[Event "Bahrain"]
[Site "Bahrain"]
[Date "1990.??.??"]
[Round "7"]
[White "Aighasra, A."]
[Black "Flear, Glenn C"]
[Result "0-1"]
[WhiteElo "2255"]
[BlackElo "2470"]
[PlyCount "100"]
[EventDate "1990.??.??"]
[EventType "tourn"]
[EventRounds "11"]
[EventCountry "BAH"]
[EventCategory "7"]
[SourceTitle "CBM 020"]
[Source "ChessBase"]
[SourceDate "1991.02.01"]
[SourceVersion "1"]
[SourceVersionDate "1991.02.01"]
[SourceQuality "1"]

1. e4 e5 2. Nf3 Nc6 3. Bb5 a6 4. Ba4 Nf6 5. d4 exd4 6. 0-0 Be7 7. Re1 b5 8. e5 Nxe5 9. Rxe5 d6 10. Re1 bxa4 11. Nxd4 Bd7 12. Qf3 0-0 13. Nc6 Bxc6 14. Qxc6 d5 15. Bf4 Re8 16. Nd2 Qd7 17. Qxd7 Nxd7 18. Nf3 c6 19. Rad1 Bf6 20. c3 a3 21. Bc1 Nc5 22. Rxe8+ Rxe8 23. b3 Bxc3 24. Bxa3 Ne4 25. Nd4 Bxd4 26. Rxd4 Nc3 27. Kf1 Re4 28. Rd3 Nxa2 29. f3 Re8 30. Rd2 Nc3 31. Bc5 g6 32. Rc2 Nb5 33. b4 f5 34. Ra2 Ra8 35. Kf2 Kf7 36. Re2 a5 37. bxa5 Rxa5 38. Re7+ Kf6 39. Rxh7 Ra2+ 40. Kg3 Rc2 41. Be7+ Ke6 42. Bg5 d4 43. Rg7 d3 44. Rxg6+ Kd5 45. h4 Nd4 46. Be3 Ne2+ 47. Kh2 f4 48. Bf2 d2 49. Rg8 Ke6 50. Rd8 Nc3 0-1